Central Library OPAC University of Rajshahi

The inter-war years and other papers / (Record no. 42941)

MARC details
000 -LEADER
fixed length control field 00757cam a22002291a 4500
001 - CONTROL NUMBER
control field 42941
003 - CONTROL NUMBER IDENTIFIER
rucl marc code BD-RjUL
005 - DATE AND TIME OF LATEST TRANSACTION
control field 20211209053623.0
008 - FIXED-LENGTH DATA ELEMENTS--GENERAL INFORMATION
fixed length control field 160618s1955 enk 0 eng d
035 ## - SYSTEM CONTROL NUMBER
System control number (BD-RjUL)43059
System control number 878204
040 ## - CATALOGING SOURCE
Original cataloging agency NUN
Language of cataloging eng
Transcribing agency NUN
Modifying agency ANL:NR
041 ## - LANGUAGE CODE
Language code of text/sound track or separate title eng
082 04 - DEWEY DECIMAL CLASSIFICATION NUMBER
Classification number 330.9
Author mark and year HEI 1955
100 1# - MAIN ENTRY--PERSONAL NAME
Personal name Henderson, Hubert Douglas,
Dates associated with a name 1890-1952
9 (RLIN) 131878
245 14 - TITLE STATEMENT
Title The inter-war years and other papers /
Statement of responsibility, etc. a selection from the writings of H.D.Henderson. Ed. by H.Clay.
260 ## - PUBLICATION, DISTRIBUTION, ETC. (IMPRINT)
Place of publication, distribution, etc. Oxford :
Name of publisher, distributor, etc. Clarendon P.,
Date of publication, distribution, etc. 1955.
300 ## - PHYSICAL DESCRIPTION
Pagination xiii, 445 p. :
Illustrations ill. ;
Size 23 cm.
651 #0 - SUBJECT ADDED ENTRY--GEOGRAPHIC NAME
Geographic name Great Britain
General subdivision Economic conditions
Chronological subdivision 20th century.
9 (RLIN) 131879
700 1# - ADDED ENTRY--PERSONAL NAME
Personal name Clay, Henry,
Dates associated with a name 1883-1954.
942 ## - ADDED ENTRY ELEMENTS (KOHA)
Source of classification or shelving scheme Dewey Decimal Classification
Koha item type Books
Holdings
Lost status Source of classification or shelving scheme Damaged status Not for loan Collection code Permanent Location Current Location Shelving location Date acquired Source of acquisition Cost, normal purchase price Total Checkouts Full call number Date last seen Copy number Koha item type
  Dewey Decimal Classification     Non-fiction Central Library, University of Rajshahi Central Library, University of Rajshahi   18/11/1957 Oxford university press 34.00   330.9 HEI 1955 18/06/2016 C-2 Books